| 000 | 00462nam a2200181Ia 4500 | ||
|---|---|---|---|
| 001 | 8334 | ||
| 005 | 20260306160601.0 | ||
| 008 | 260306t1995||||xx |||||||||||||| ||spa|| | ||
| 041 | _aESP | ||
| 082 |
_aS 370.19 _bI37 |
||
| 100 |
_aIguiñiz Echevarría, Manuel _eAUT |
||
| 245 | 0 |
_aMateriales para pensar: _bLa descentralización educativa |
|
| 260 | _c1995 | ||
| 300 |
_a210 páginas : _c23 cm. |
||
| 650 | _aGEN | ||
| 654 | _aCED | ||
| 942 |
_cLIB _dJUS _fJUS _2ddc _n |
||
| 999 |
_c8334 _d8334 |
||